| 000 | 00321nam a22000977a 4500 | ||
|---|---|---|---|
| 008 | 150327b xxu||||| |||| 00| 0 eng d | ||
| 020 |
_a978-1-60805-670-5 _cAvailable |
||
| 082 |
_a615.107822REH _b002835 |
||
| 245 |
_aFrontiers in Drug Design and Discovery(Vol-2) _cRahman-Atta -Ur |
||
| 260 |
_aUSA _bBentham Science Publisher _c2014 |
||
| 999 |
_c24763 _d24763 |
||